Business Mathematics & Statistics / (Record no. 1053)
[ view plain ]
| 000 -LEADER | |
|---|---|
| Fixed length control field | 00515nam a2200181 4500 |
| 003 - CONTROL NUMBER IDENTIFIER | |
| Control field | SEACOMMC |
| 005 - DATE AND TIME OF LATEST TRANSACTION | |
| Control field | 20250502112754.0 |
| 008 - FIXED-LENGTH DATA ELEMENTS--GENERAL INFORMATION | |
| Fixed length control field | 250205b |||||||| |||| 00| 0 eng d |
| 020 ## - INTERNATIONAL STANDARD BOOK NUMBER / ISBN | |
| International Standard Book Number | 81-7381-065-6 |
| Price | Rs.195.00 |
| 040 ## - CATALOGING SOURCE | |
| Original cataloging agency | SEACOMMC |
| 082 ## - DEWEY DECIMAL CLASSIFICATION NUMBER | |
| Classification number | 510.02465 |
| Book Number | G 427 |
| 100 ## - MAIN ENTRY--PERSONAL NAME | |
| Personal name | Ghosh, Ramkrishna |
| 245 1# - TITLE STATEMENT | |
| Title | Business Mathematics & Statistics / |
| Statement of responsibility | Ramkrishna Ghosh and Suranjan Saha |
| 250 ## - EDITION STATEMENT | |
| Edition statement | 9th rev.ed. |
| 260 ## - IMPRINT | |
| Place of publication | Kolkata |
| Name of publisher | New Central Book Agency |
| Date of publication | 2009 |
| 650 ## - SUBJECT ADDED ENTRY--TOPICAL TERM | |
| Topical term | Mathematics |
| 942 ## - ADDED ENTRY ELEMENTS (KOHA) | |
| Koha item type | Books |
| Withdrawn status | Lost status | Source of classification | Damaged status | Not for loan | Home library | Current library | Shelving location | Date acquired | Total Checkouts | Call number | Accession number | Date last seen | Price effective from | Koha item type | Copy number |
|---|---|---|---|---|---|---|---|---|---|---|---|---|---|---|---|
| Dewey Decimal Classification | SEACOM MANAGEMENT COLLEGE | SEACOM MANAGEMENT COLLEGE | Reference | 06/03/2008 | 510.02465 G 427 | M-1909 | 05/02/2025 | 05/02/2025 | Books | ||||||
| Dewey Decimal Classification | SEACOM MANAGEMENT COLLEGE | SEACOM MANAGEMENT COLLEGE | 06/03/2008 | 510.02465 G 427 | M-1910 | 05/02/2025 | 05/02/2025 | Books | 1 | ||||||
| Dewey Decimal Classification | SEACOM MANAGEMENT COLLEGE | SEACOM MANAGEMENT COLLEGE | 06/03/2008 | 510.02465 G 427 | M-1911 | 05/02/2025 | 05/02/2025 | Books | 2 | ||||||
| Dewey Decimal Classification | SEACOM MANAGEMENT COLLEGE | SEACOM MANAGEMENT COLLEGE | 06/03/2008 | 510.02465 G 427 | M-1912 | 05/02/2025 | 05/02/2025 | Books | 3 |
